América Latina : (Registro nro. 4363)

Detalles MARC
000 -LEADER
fixed length control field 00918nam a2200241Ia 4500
003 - CONTROL NUMBER IDENTIFIER
control field OSt
005 - DATE AND TIME OF LATEST TRANSACTION
control field 20200407012400.0
008 - FIXED-LENGTH DATA ELEMENTS--GENERAL INFORMATION
fixed length control field 191128s1981 ck gr 000 0 spa d
040 ## - CATALOGING SOURCE
Original cataloging agency CO-JMCR
Transcribing agency CO-JMCR
041 0# - LANGUAGE CODE
Language code of text/sound track or separate title spa
082 04 - DEWEY DECIMAL CLASSIFICATION NUMBER
Classification number 321.9 /
Item number A382a
Edition number 21
100 1# - MAIN ENTRY--PERSONAL NAME
Personal name Agudelo C., Carlos,
Relator term autor
9 (RLIN) 2619
245 10 - TITLE STATEMENT
Title América Latina :
Remainder of title la libertad negada /
Statement of responsibility, etc. Carlos Agudelo C
260 ## - PUBLICATION, DISTRIBUTION, ETC.
Place of publication, distribution, etc. Bogotá :
Name of publisher, distributor, etc. Cinep,
Date of publication, distribution, etc. 1981
300 ## - PHYSICAL DESCRIPTION
Extent 200 páginas ;
Dimensions 22 cm.
490 0# - SERIES STATEMENT
Series statement Teoría y sociedad ;
Volume/sequential designation 5
504 ## - BIBLIOGRAPHY, ETC. NOTE
Bibliography, etc. note Bibliografía: páginas 195-200
505 0# - FORMATTED CONTENTS NOTE
Formatted contents note Expansión imperial y neocolonialismo -- La senda de las dictaduras -- Equilibrio de potencias y militarismo -- El autoritarismo consolidado -- Colombia: civiles y militares
650 14 - SUBJECT ADDED ENTRY--TOPICAL TERM
Topical term or geographic name entry element Militarismo
Geographic subdivision América Latina
9 (RLIN) 2623
650 14 - SUBJECT ADDED ENTRY--TOPICAL TERM
Topical term or geographic name entry element Política y gobierno
Geographic subdivision América Latina
9 (RLIN) 2624
650 14 - SUBJECT ADDED ENTRY--TOPICAL TERM
Topical term or geographic name entry element Autoritarismo
Geographic subdivision América Latina
9 (RLIN) 2625
942 ## - ADDED ENTRY ELEMENTS (KOHA)
Source of classification or shelving scheme Dewey Decimal Classification
Koha item type Books
Existencias
Withdrawn status Lost status Source of classification or shelving scheme Damaged status Not for loan Collection code Home library Current library Date acquired Source of acquisition Cost, normal purchase price Total Checkouts Full call number Barcode Date last seen Copy number Koha item type
    Dewey Decimal Classification     Non-fiction Biblioteca Pública José María del Castillo y Rada Biblioteca Pública José María del Castillo y Rada 04/15/2018 Donación 0.00   321.9 / A382a 201809208 05/16/2024 Ej.1 Books